Sports Quiz

Random Sports or NHL Quiz

NHL Players Overseas (2012-13) Quiz Stats

Quiz not verified by Sporcle

Also try: MLB All Star MVPs
Challenge
Share
Tweet
Embed
Score 0/140 Timer 20:00
0 Plays Today
NHL Team Player % Correct
Boston BruinsZdeno Chara
84.8%
Pittsburgh PenguinsEvgeni Malkin
82.6%
Detroit Red WingsPavel Datsyuk
73.9%
San Jose SharksJoe Thornton
73.9%
New York RangersRick Nash
71.7%
Detroit Red WingsHenrik Zetterberg
67.4%
New York IslandersJohn Tavares
67.4%
Washington CapitalsAlex Ovechkin
67.4%
Boston BruinsTyler Seguin
63%
Dallas StarsJaromir Jagr
63%
New Jersey DevilsIlya Kovalchuk
60.9%
Boston BruinsTuukka Rask
58.7%
Nashville PredatorsPekka Rinne
58.7%
Philadelphia FlyersClaude Giroux
58.7%
Nashville PredatorsCraig Smith
56.5%
Ottawa SenatorsErik Karlsson
56.5%
Winnipeg JetsEvander Kane
56.5%
Boston BruinsPatrice Bergeron
54.3%
Minnesota WildNiklas Backstrom
54.3%
New York IslandersMark Streit
54.3%
Buffalo SabresThomas Vanek
52.2%
Carolina HurricanesAlex Semin
52.2%
Carolina HurricanesJussi Jokinen
52.2%
San Jose SharksAntti Niemi
52.2%
Los Angeles KingsAnze Kopitar
50%
Boston BruinsDavid Krejci
47.8%
Detroit Red WingsDrew Miller
47.8%
Montreal CanadiensTomas Plekanec
47.8%
Philadelphia FlyersDaniel Briere
47.8%
Philadelphia FlyersIlya Bryzgalov
47.8%
Colorado AvalancheGabriel Landeskog
45.7%
Colorado AvalancheMatt Duchene
45.7%
Ottawa SenatorsJason Spezza
45.7%
Boston BruinsDennis Seidenberg
43.5%
Detroit Red WingsValtteri Filppula
43.5%
Nashville PredatorsSergei Kostitsyn
43.5%
New York IslandersLubomir Visnovsky
43.5%
Colorado AvalancheSeymon Varlamov
41.3%
Dallas StarsJamie Benn
41.3%
San Jose SharksLogan Couture
41.3%
Montreal CanadiensAndrei Markov
39.1%
Ottawa SenatorsSergei Gonchar
39.1%
New York IslandersFrans Nielsen
34.8%
St. Louis BluesPatrik Berglund
34.8%
Tampa Bay LightningAdam Hall
34.8%
Winnipeg JetsOndrej Pavelec
34.8%
Buffalo SabresTyler Myers
32.6%
NHL Team Player % Correct
Columbus Blue JacketsSergei Bobrovsky
32.6%
Philadelphia FlyersWayne Simmonds
32.6%
Phoenix CoyotesLauri Korpikoski
32.6%
Toronto Maple LeafsMikhail Grabovski
32.6%
Anaheim DucksLuca Sbisa
30.4%
Columbus Blue JacketsArtem Anisimov
30.4%
Detroit Red WingsDamien Brunner
30.4%
New York IslandersMichael Grabner
30.4%
Boston BruinsRich Peverley
28.3%
Buffalo SabresChristian Ehrhoff
28.3%
Detroit Red WingsJonathan Ericsson
28.3%
Philadelphia FlyersJakub Voracek
28.3%
San Jose SharksDouglas Murray
26.1%
St. Louis BluesAlex Steen
26.1%
Winnipeg JetsNik Antropov
26.1%
Carolina HurricanesAnthony Stewart
23.9%
Edmonton OilersNail Yakupov
23.9%
Ottawa SenatorsKyle Turris
23.9%
St. Louis BluesChris Stewart
23.9%
Boston BruinsAndrew Ference
21.7%
Dallas StarsStephane Robidas
21.7%
Montreal CanadiensRaphael Diaz
21.7%
Montreal CanadiensTomas Kaberle
21.7%
Philadelphia FlyersMatt Read
21.7%
Phoenix CoyotesMikkel Boedker
21.7%
Toronto Maple LeafsNikolai Kulemin
21.7%
Washington CapitalsMichal Neuvirth
21.7%
Anaheim DucksViktor Fasth
19.6%
Boston BruinsAnton Khudobin
19.6%
Buffalo SabresTyler Ennis
19.6%
Calgary FlamesMikael Backlund
19.6%
Chicago BlackhawksViktor Stalberg
19.6%
Florida PanthersMarcel Goc
19.6%
Florida PanthersSean Bergenheim
19.6%
Los Angeles KingsAlec Martinez
19.6%
Nashville PredatorsRoman Josi
19.6%
New York IslandersRick DiPietro
19.6%
Philadelphia FlyersRuslan Fedotenko
19.6%
Washington CapitalsBrooks Laich
19.6%
Carolina HurricanesJiri Tlusty
17.4%
Columbus Blue JacketsNikita Nikitin
17.4%
Dallas StarsPhilip Larsen
17.4%
Edmonton OilersLennart Petrell
17.4%
New Jersey DevilsMarek Zidlicky
17.4%
New York IslandersJesse Joensuu
17.4%
Tampa Bay LightningVictor Hedman
17.4%
Washington CapitalsWojtek Wolski
17.4%
NHL Team Player % Correct
Buffalo SabresAndrej Sekera
15.2%
Chicago BlackhawksBryan Bickell
15.2%
Edmonton OilersSam Gagner
15.2%
Florida PanthersDmitry Kulikov
15.2%
Los Angeles KingsJonathan Bernier
15.2%
Nashville PredatorsPatric Hornqvist
15.2%
New Jersey DevilsAnton Volchenkov
15.2%
St. Louis BluesKris Russell
15.2%
St. Louis BluesVladimir Tarasenko
15.2%
Columbus Blue JacketsRadek Martinek
13%
Detroit Red WingsCory Emmerton
13%
Montreal CanadiensAlexei Emelin
13%
New York IslandersAndrew MacDonald
13%
Phoenix CoyotesRostislav Klesla
13%
Pittsburgh PenguinsDustin Jeffrey
13%
San Jose SharksJason Demers
13%
Winnipeg JetsAlexei Ponikarovsky
13%
Anaheim DucksNick Bonino
10.9%
Chicago BlackhawksMichael Frolik
10.9%
Dallas StarsTom Wandell
10.9%
Detroit Red WingsJan Mursak
10.9%
Florida PanthersTomas Kopecky
10.9%
New York RangersCarl Hagelin
10.9%
Pittsburgh PenguinsDeryk Engelland
10.9%
San Jose SharksTommy Wingels
10.9%
Toronto Maple LeafsCody Franson
10.9%
Carolina HurricanesAndreas Nodl
8.7%
Chicago BlackhawksMichal Roszival
8.7%
St. Louis BluesRoman Polak
8.7%
Anaheim DucksMatt Beleskey
6.5%
Calgary FlamesAnton Babchuk
6.5%
Edmonton OilersCorey Potter
6.5%
Edmonton OilersLadislav Smid
6.5%
Minnesota WildJared Spurgeon
6.5%
Montreal CanadiensYannick Wber
6.5%
New York RangersRyan McDonagh
6.5%
Ottawa SenatorsErik Condra
6.5%
Ottawa SenatorsKaspars Daugavins
6.5%
Vancouver CanucksDale Weise
6.5%
New York IslandersMilan Jurcina
4.3%
San Jose SharksBen Guite
4.3%
San Jose SharksT.J. Galiardi
4.3%
St. Louis BluesMatt D'Agostini
4.3%
Florida PanthersJack Skille
2.2%
Florida PanthersMike Santorelli
2.2%
Philadelphia FlyersTom Sestito
2.2%

You're not logged in!

Compare scores with friends on all Sporcle quizzes.
Sign Up with Email
OR
Log In

You Might Also Like...

Show Comments

Extras

Top Quizzes Today


Score Distribution

Your Account Isn't Verified!

In order to create a playlist on Sporcle, you need to verify the email address you used during registration. Go to your Sporcle Settings to finish the process.